| 000 | 02494nam a2200409Ka 4500 | ||
|---|---|---|---|
| 001 | ocn664358265 | ||
| 003 | OCoLC | ||
| 005 | 20210303085416.0 | ||
| 006 | m u | ||
| 007 | cr un||||||||| | ||
| 008 | 100917s2003 ne o 000 0 eng d | ||
| 020 |
_a9781849502191 (electronic bk.) : _c£64.95 ; € 94.95 ; $114.95 |
||
| 020 |
_a1849502196 (electronic bk.) : _c£64.95 ; € 94.95 ; $114.95 |
||
| 020 | _z0762310324 (hbk.) | ||
| 020 | _z9780762310326 (hbk.) | ||
| 040 |
_aZJC _beng _cZJC |
||
| 050 | 0 | 4 |
_aK18 _b.E837 v. 29 |
| 072 | 7 |
_aLAQ _2bicssc |
|
| 072 | 7 |
_aLAW000000 _2bisacsh |
|
| 080 | _a340 | ||
| 082 | 0 | 4 |
_a340.115 _222 |
| 245 | 0 | 0 |
_aStudies in law, politics and society. _nVol. 29 _h[electronic resource] / _cedited by Austin Sarat, Patricia Ewick. |
| 260 |
_aAmsterdam : _aLondon : _bJAI, _c2003. |
||
| 300 | _a1 online resource (ix, 164 p.) | ||
| 505 | 0 | _aLaw and cultural life. Theorizing the public domain : copyright and the development of a cultural commons / Debora Halbert -- The law and the anomaly of performance : baseball as cultural policy / Lara D. Nielsen. Law in domains of policy. Capital punishment and elite politics : dissensus and the death penalty in America / Judith Randle -- Welfare, democracy, and the reflexive legitimacy of the law / Kevin Olson -- Social class, drugs, gender and the limitations of the law : contrasting the elite prostitute with the street prostitute / Maureen A. Norton-Hawk. The place of religious values in legal life. The case for insincerity / John M. Kang. | |
| 520 | _aThis volume presents a diverse array of articles by an interdisciplinary group of scholars. Their work spans the social sciences, humanities, and law, and examines law and culture, the complex intersections of law and policy, and the place of religious values in legal life. The articles published here exemplify the exciting and innovative work now being done in interdisciplinary legal scholarship. | ||
| 588 | _aDescription based on print version record. | ||
| 650 | 0 | _aSociological jurisprudence. | |
| 650 | 0 | _aPolitical sociology. | |
| 650 | 7 |
_aLaw & society. _2bicssc |
|
| 650 | 7 |
_aLaw _xGeneral. _2bisacsh |
|
| 700 | 1 | _aSarat, Austin. | |
| 700 | 1 | _aEwick, Patricia. | |
| 776 | 0 | 8 |
_iPrint version: _tStudies in law, politics and society. Vol. 29. _dAmsterdam : London : JAI, 2003 _z0762310324 _w(OCoLC)51779610 |
| 856 | 4 | 0 | _uhttps://www.emerald.com/insight/publication/doi/10.1016/S1059-4337(2003)29 |
| 913 | _1SSbacklist | ||
| 999 |
_c32011 _d32011 |
||